000 00716nam a2200217Ia 4500
005 20250508164727.0
008 008 250505s9999 xx 000 0 eng d
037 _aTextual
040 _aFEDL
_beng
_cFEDL
041 _aeng
_2eng
084 _a370, UNE
_qFEDL
245 0 _aEducation for all: Roundtable themes. 3 parts
245 0 _cUNESCO
260 _aParis, France
_bUnited Nations Educational, Scientific and Cultural Organization
365 _aFF
_b100
490 _aWorld Conference on Education for all. Thailand.
_v1. Purpose and context. Prepared by Sheila lM Haggis. 1991. 96p.
546 _aMACESE
650 _aEducation
942 _cTEXL
_h370, UNE
999 _c1390790
_d1390790